[Event "St Louis Fall B 2017"]
[Site "Saint Louis USA"]
[Date "2017.09.10"]
[Round "5.2"]
[White "Ramirez, Alejandro"]
[Black "Shabalov, Alexander"]
[Result "0-1"]
[WhiteTitle "GM"]
[BlackTitle "GM"]
[WhiteElo "2563"]
[BlackElo "2563"]
[WhiteFideId "6500617"]
[BlackFideId "2008572"]
[EventDate "2017.09.06"]

1. Nf3 Nf6 2. c4 c6 3. Nc3 d5 4. e3 a6 5. d4 b5 6. cxd5 cxd5 7. Bd3 Bb7 8. O-O
e6 9. Bd2 Bd6 10. Qe2 Ne4 11. Rfc1 O-O 12. Be1 Nd7 13. Nd2 f5 14. f3 Nxd2 15.
Qxd2 e5 16. dxe5 Nxe5 17. Bg3 Qb6 18. Be2 Rad8 19. Qd4 Bc5 20. Qxe5 Bxe3+ 21.
Kf1 d4 22. Nd1 Bxc1 23. Rxc1 d3 24. Bxd3 Rxd3 25. Rc7 Qh6 26. Nf2 Rd5 27. Qe7 f4
28. Bxf4 Rxf4 29. Rxb7 Rf8 30. Rc7 Qg6 31. Qe4 Rd1+ 32. Ke2 Rg1 33. Qd5+ Kh8 34.
g3 Qb1 35. Qd4 Re8+ 36. Ne4 Rg2+ 37. Ke3 Qg1+ 38. Kd3 Qd1+ 0-1

[Event "St Louis Fall B 2017"]
[Site "Saint Louis USA"]
[Date "2017.09.10"]
[Round "5.3"]
[White "Arribas Lopez, Angel"]
[Black "Pichot, Alan"]
[Result "0-1"]
[WhiteTitle "GM"]
[BlackTitle "GM"]
[WhiteElo "2505"]
[BlackElo "2565"]
[WhiteFideId "2283352"]
[BlackFideId "110973"]
[EventDate "2017.09.06"]

1. e4 c5 2. Nf3 e6 3. d3 Nc6 4. g3 Nf6 5. Bg2 d5 6. Nbd2 Be7 7. O-O O-O 8. e5
Nd7 9. Re1 b5 10. Nf1 a5 11. h4 b4 12. Bf4 a4 13. N1h2 a3 14. b3 Ba6 15. Qd2 Rc8
16. Bh3 Nd4 17. h5 Nxf3+ 18. Nxf3 c4 19. h6 g6 20. dxc4 dxc4 21. Rad1 cxb3 22.
Qxd7 bxc2 23. Qxd8 Rfxd8 24. Ra1 Bc4 25. Nd2 Bxa2 26. Rxa2 c1=Q 27. Rxc1 Rxc1+
28. Bf1 Rxf1+ 29. Kxf1 Rxd2 30. Rxd2 b3 31. Rd7 a2 0-1

[Event "St Louis Fall B 2017"]
[Site "Saint Louis USA"]
[Date "2017.09.10"]
[Round "5.4"]
[White "Chandra, Akshat"]
[Black "Prasanna, Raghuram Rao"]
[Result "1-0"]
[WhiteTitle "GM"]
[BlackTitle "IM"]
[WhiteElo "2481"]
[BlackElo "2464"]
[WhiteFideId "25006711"]
[BlackFideId "5022401"]
[EventDate "2017.09.06"]

1. d4 d5 2. c4 c6 3. cxd5 cxd5 4. Bg5 Nc6 5. Nc3 Nf6 6. Bxf6 gxf6 7. e3 e6 8.
Nf3 Bd7 9. Bd3 f5 10. O-O Bd6 11. Rc1 O-O 12. Re1 Rc8 13. Kh1 Kh8 14. Na4 Qa5
15. Nc3 Qb6 16. Na4 Qa5 17. Nc3 Qb6 18. a3 Na5 19. b4 Nc4 20. Na4 Bxa4 21. Qxa4
Nb2 22. Qb3 Nxd3 23. Qxd3 a5 24. b5 Rc7 25. g4 Rfc8 26. Rxc7 Qxc7 27. gxf5 Rg8
28. a4 Qe7 29. e4 Bb4 30. Rg1 Rxg1+ 31. Kxg1 Qf6 32. e5 Qg7+ 33. Kf1 Qg4 34.
fxe6 fxe6 35. Ke2 b6 36. Qe3 Be7 37. Kf1 Qh3+ 38. Kg1 Qg4+ 39. Kh1 Qf5 40. Ng1
Qc2 41. Qf4 Kg7 42. Qg4+ Kf7 43. Ne2 Qxa4 44. Nf4 Qxb5 45. Qxe6+ Ke8 46. Kg2 Qd7
47. Qg8+ Bf8 48. Nxd5 Qf5 49. Nf6+ Ke7 50. Qc4 Kd8 51. Qd5+ Kc7 52. Qf7+ Kc6 53.
Qe8+ Kb7 54. Qxf8 Qg6+ 55. Kf3 Qd3+ 56. Kf4 Qd2+ 57. Kf5 Qxf2+ 58. Ke6 Qxd4 59.
Qd6 Qh4 60. Qd7+ Ka6 61. Qd3+ Ka7 62. Kf7 1-0

[Event "St Louis Fall B 2017"]
[Site "Saint Louis USA"]
[Date "2017.09.10"]
[Round "5.5"]
[White "Pavlidis, Antonios"]
[Black "Ni, Shiqun"]
[Result "1-0"]
[WhiteTitle "GM"]
[BlackTitle "WGM"]
[WhiteElo "2536"]
[BlackElo "2426"]
[WhiteFideId "4212312"]
[BlackFideId "8608466"]
[EventDate "2017.09.06"]

1. e4 e5 2. Nf3 Nf6 3. Nxe5 d6 4. Nf3 Nxe4 5. d4 d5 6. Bd3 Nc6 7. O-O Be7 8. c4
Nb4 9. Be2 O-O 10. Nc3 Bf5 11. a3 Nxc3 12. bxc3 Nc6 13. Re1 Re8 14. Ra2 Na5 15.
cxd5 Qxd5 16. Rb2 b6 17. Ne5 Qd6 18. Bf3 Rad8 19. Rbe2 Be6 20. Be4 Bf6 21. Qd3
g6 22. Qg3 Bg7 23. Bf4 Qxa3 24. h4 Nc4 25. Nc6 Rc8 26. h5 Bd7 27. hxg6 hxg6 28.
Nb4 Nd6 29. Bd5 Bf5 30. Be5 Bxe5 31. dxe5 Nb5 32. Re3 Nxc3 33. Na2 Qc5 34. Nxc3
b5 35. e6 f6 36. Rf3 Kf8 37. Rxf5 gxf5 1-0

[Event "St Louis Fall B 2017"]
[Site "Saint Louis USA"]
[Date "2017.09.11"]
[Round "6.1"]
[White "Friedel, Joshua E"]
[Black "Ni, Shiqun"]
[Result "1/2-1/2"]
[WhiteTitle "GM"]
[BlackTitle "WGM"]
[WhiteElo "2547"]
[BlackElo "2426"]
[WhiteFideId "2017199"]
[BlackFideId "8608466"]
[EventDate "2017.09.06"]

1. e4 e5 2. Nf3 Nf6 3. Nc3 Nc6 4. d4 exd4 5. Nxd4 Bb4 6. Nxc6 bxc6 7. Bd3 d5 8.
exd5 cxd5 9. O-O O-O 10. h3 c6 11. Qf3 Re8 12. Bf4 Qe7 13. Rad1 Bd7 14. Ne2 Ne4
15. a3 Bc5 16. c4 a5 17. Ng3 Nxg3 18. Qxg3 Qf6 19. cxd5 cxd5 20. Bxh7+ Kxh7 21.
Rxd5 Bb5 22. Rc1 Bxf2+ 23. Qxf2 Re4 24. Rxb5 Rxf4 25. Qe3 g6 26. Rb6 Qf5 27. Rb5
Qf6 28. Qe5 Qh4 29. Qe1 Qf6 30. Qc3 Qd6 31. Rc5 Rb8 32. Rxa5 Qb6+ 33. Rc5 Qxb2
34. Qxb2 Rxb2 35. R5c2 Rb3 36. Rc3 Rb2 37. Rf1 Rxf1+ 38. Kxf1 f5 39. g4 Kh6 40.
gxf5 gxf5 41. a4 Ra2 42. Rc4 Kg5 43. h4+ Kh5 44. Ke1 Rh2 45. Kd1 Rf2 46. Ke1 Rh2
47. Rb4 Ra2 48. Rf4 Kg6 49. Kd1 Rh2 50. Ke1 Ra2 51. Rb4 1/2-1/2

[Event "St Louis Fall B 2017"]
[Site "Saint Louis USA"]
[Date "2017.09.11"]
[Round "6.2"]
[White "Prasanna, Raghuram Rao"]
[Black "Pavlidis, Antonios"]
[Result "1/2-1/2"]
[WhiteTitle "IM"]
[BlackTitle "GM"]
[WhiteElo "2464"]
[BlackElo "2536"]
[WhiteFideId "5022401"]
[BlackFideId "4212312"]
[EventDate "2017.09.06"]

1. d4 Nf6 2. Nf3 g6 3. Bg5 Bg7 4. Nbd2 O-O 5. c3 d6 6. e4 c5 7. dxc5 dxc5 8. Qc2
Nc6 9. Be2 Qc7 10. O-O h6 11. Bh4 Nh5 12. Rfe1 Rd8 13. Nc4 Be6 14. Ne3 Rd7 15.
Red1 Rad8 16. Nd2 Nf4 17. Bf1 Nh5 18. Be2 Nf4 19. Bf1 Nh5 20. Be2 Nf4 1/2-1/2

[Event "St Louis Fall B 2017"]
[Site "Saint Louis USA"]
[Date "2017.09.11"]
[Round "6.3"]
[White "Pichot, Alan"]
[Black "Chandra, Akshat"]
[Result "0-1"]
[WhiteTitle "GM"]
[BlackTitle "GM"]
[WhiteElo "2565"]
[BlackElo "2481"]
[WhiteFideId "110973"]
[BlackFideId "25006711"]
[EventDate "2017.09.06"]

1. e4 e5 2. Nf3 Nc6 3. Bb5 Nf6 4. d3 Bc5 5. Bxc6 dxc6 6. Nbd2 Nd7 7. Nc4 O-O 8.
Qe2 Re8 9. Bd2 b5 10. Ne3 a5 11. h4 Nf8 12. O-O-O a4 13. g4 b4 14. Nc4 b3 15.
Kb1 bxc2+ 16. Kxc2 Ng6 17. Bc3 Bxg4 18. Rdg1 Bh5 19. Rg5 Nf4 20. Qd1 f6 21. Rxh5
Nxh5 22. Nfxe5 fxe5 23. Qxh5 Bd4 24. Rg1 Bxc3 25. bxc3 Qf6 26. Rg2 Rad8 27. Ne3
Kh8 28. Qg4 Re7 29. f3 Qd6 30. Rd2 Qa3 31. Qg5 Qxa2+ 32. Kd1 Qb3+ 33. Ke2 Rde8
34. Nf5 Rd7 35. h5 h6 36. Nxh6 gxh6 37. Qxh6+ Kg8 38. Qg6+ Kf8 39. c4 Rd6 40.
Qf5+ Ke7 41. h6 Rxh6 42. Qg5+ Rf6 43. Qxe5+ Kf7 44. Qh5+ Kf8 45. Qh8+ Ke7 46.
Qg7+ Rf7 47. Qd4 Rg8 48. Ke3 Qb1 49. e5 Qe1+ 50. Re2 Rxf3+ 0-1

[Event "St Louis Fall B 2017"]
[Site "Saint Louis USA"]
[Date "2017.09.11"]
[Round "6.4"]
[White "Shabalov, Alexander"]
[Black "Arribas Lopez, Angel"]
[Result "1-0"]
[WhiteTitle "GM"]
[BlackTitle "GM"]
[WhiteElo "2563"]
[BlackElo "2505"]
[WhiteFideId "2008572"]
[BlackFideId "2283352"]
[EventDate "2017.09.06"]

1. d4 Nf6 2. c4 g6 3. Nc3 Bg7 4. e4 d6 5. Be2 O-O 6. Bg5 c5 7. d5 h6 8. Bf4 b5
9. cxb5 a6 10. Qd2 axb5 11. Bxb5 Qa5 12. Bd3 Na6 13. Nge2 Nb4 14. Bb1 Ng4 15.
O-O g5 16. Bg3 Ne5 17. h4 gxh4 18. Bxh4 e6 19. a3 Ba6 20. dxe6 Nc4 21. exf7+
Rxf7 22. axb4 Qxa1 23. Qd5 Nb6 24. Qxd6 Bxe2 25. Nxe2 Qxb2 26. Qxb6 Qxe2 27.
Qxc5 Ra1 28. b5 Qg4 29. Bg3 h5 30. Qd5 h4 31. Qd8+ Bf8 32. Bxh4 Rd7 33. Qg5+
Qxg5 34. Bxg5 Bc5 35. e5 Kf7 36. Bf5 Rdd1 37. Rxd1 Rxd1+ 38. Kh2 Bxf2 39. e6+
Kg7 40. e7 Re1 41. Bd7 Kg6 42. Bh4 1-0

[Event "St Louis Fall B 2017"]
[Site "Saint Louis USA"]
[Date "2017.09.11"]
[Round "6.5"]
[White "Abrahamyan, Tatev"]
[Black "Ramirez, Alejandro"]
[Result "1-0"]
[WhiteTitle "WGM"]
[BlackTitle "GM"]
[WhiteElo "2333"]
[BlackElo "2563"]
[WhiteFideId "13301918"]
[BlackFideId "6500617"]
[EventDate "2017.09.06"]

1. e4 g6 2. d4 Bg7 3. Nc3 c6 4. Nf3 d6 5. h3 Qc7 6. a4 Nd7 7. Be2 Ngf6 8. O-O
O-O 9. Be3 e5 10. Qd2 exd4 11. Nxd4 Re8 12. f3 b6 13. Rad1 Bb7 14. Nb3 Bf8 15.
Bf4 Ne5 16. Bh2 Rad8 17. f4 Ned7 18. f5 Nxe4 19. Nxe4 Rxe4 20. Bd3 Re5 21. Qf2
Be7 22. fxg6 fxg6 23. Qf7+ Kh8 24. Bxg6 hxg6 25. Qxg6 Nf8 26. Bxe5+ dxe5 27.
Qh5+ Kg7 28. Qf7+ Kh6 29. Rf6+ 1-0

[Event "St Louis Fall B 2017"]
[Site "Saint Louis USA"]
[Date "2017.09.12"]
[Round "7.1"]
[White "Ramirez, Alejandro"]
[Black "Friedel, Joshua E"]
[Result "1/2-1/2"]
[WhiteTitle "GM"]
[BlackTitle "GM"]
[WhiteElo "2563"]
[BlackElo "2547"]
[WhiteFideId "6500617"]
[BlackFideId "2017199"]
[EventDate "2017.09.06"]

1. c4 e6 2. Nf3 Nf6 3. b3 d5 4. e3 Be7 5. Bb2 O-O 6. Nc3 b6 7. cxd5 exd5 8. Be2
Re8 9. O-O Bb7 10. Rc1 Nbd7 11. Rc2 a6 12. Qb1 b5 13. b4 c6 14. Ba1 Nb6 15. d3
a5 16. a3 axb4 17. axb4 Ra6 18. Nd4 Nbd7 19. Na2 Qa8 20. Nb3 Bc8 21. Bc3 Nf8 22.
Nd4 Bd7 23. Nc1 Ra4 24. Bd1 h5 25. Qb2 N8h7 26. Nf3 Bd6 27. Rd2 Ra6 28. Be5 Bf8
29. Ne2 Bg4 30. Ned4 Nd7 31. Bg3 g6 32. h3 Bxf3 33. Nxf3 1/2-1/2

[Event "St Louis Fall B 2017"]
[Site "Saint Louis USA"]
[Date "2017.09.12"]
[Round "7.2"]
[White "Arribas Lopez, Angel"]
[Black "Abrahamyan, Tatev"]
[Result "1-0"]
[WhiteTitle "GM"]
[BlackTitle "WGM"]
[WhiteElo "2505"]
[BlackElo "2333"]
[WhiteFideId "2283352"]
[BlackFideId "13301918"]
[EventDate "2017.09.06"]

1. e4 e6 2. d4 d5 3. Bd3 dxe4 4. Bxe4 Nf6 5. Bf3 c5 6. Ne2 Nc6 7. Be3 e5 8.
Bxc6+ bxc6 9. dxe5 Qxd1+ 10. Kxd1 Ng4 11. Nd2 Nxe5 12. Re1 Ng4 13. Nf4 Nxe3+ 14.
Rxe3+ Be7 15. Ke2 Bg4+ 16. f3 Bf5 17. Ne4 O-O-O 18. Rd1 Rxd1 19. Kxd1 Rd8+ 20.
Ke2 Rd4 21. c3 Ra4 22. a3 Bxe4 23. Rxe4 Rxe4+ 24. fxe4 Bd6 25. g3 Kd7 26. Kd3 g5
27. Ng2 h5 28. Ne3 Ke6 29. Nf5 Bf8 30. h3 Ke5 31. Ne3 Ke6 32. Ke2 Bd6 33. Kf3
Bc7 34. Nf5 Kf6 35. Ke3 Bb6 36. Kd3 Ke5 37. Ng7 c4+ 38. Kxc4 Kxe4 39. Nxh5 Kf3
40. Kd3 f5 41. b4 Bc7 42. Ng7 Kxg3 43. Nxf5+ Kxh3 44. Nd4 g4 45. Nxc6 g3 46. Nd4
g2 47. Ne2 Kg4 48. Ke4 Bh2 49. c4 Kg5 50. Kf3 g1=Q 51. Nxg1 Bxg1 52. Ke4 Kf6 53.
Kd5 Be3 54. Kc6 Ke6 55. c5 a5 56. Kb7 axb4 57. c6 Bf4 58. axb4 1-0

[Event "St Louis Fall B 2017"]
[Site "Saint Louis USA"]
[Date "2017.09.12"]
[Round "7.3"]
[White "Chandra, Akshat"]
[Black "Shabalov, Alexander"]
[Result "1/2-1/2"]
[WhiteTitle "GM"]
[BlackTitle "GM"]
[WhiteElo "2481"]
[BlackElo "2563"]
[WhiteFideId "25006711"]
[BlackFideId "2008572"]
[EventDate "2017.09.06"]

1. Nf3 Nf6 2. g3 d5 3. Bg2 c6 4. O-O h6 5. d3 Bf5 6. c4 dxc4 7. Ne5 Nbd7 8. Nxc4
e5 9. b3 Be7 10. Bb2 Qc7 11. Nbd2 O-O 12. h3 Rad8 13. Qc2 Rfe8 14. a3 Bf8 15. b4
Bg6 16. Rfc1 Nb6 17. Qb3 Nxc4 18. Nxc4 Nd7 19. a4 e4 20. d4 Qb8 21. Ba3 Bf5 22.
b5 cxb5 23. Qxb5 Be6 24. Bxf8 Nxf8 25. e3 Bd5 26. Nd2 Re6 27. Rc5 Rb6 28. Qa5
Ra6 29. Qb4 Ne6 30. Rc3 f5 31. Bf1 Rb6 32. Qa5 f4 33. gxf4 Nxf4 34. exf4 Qxf4
35. Re3 Rg6+ 36. Bg2 Rdd6 37. Nf1 Rg5 38. Qd2 Rdg6 39. Rg3 Rxg3 40. fxg3 Qxd2
41. Nxd2 Rxg3 42. Kf2 Rd3 43. Nxe4 Bc6 44. a5 Rxd4 45. Ke3 Rb4 46. a6 Kf8 47.
axb7 Rxb7 48. Bf1 Re7 49. Bd3 Bd7 50. h4 Bf5 51. h5 g6 52. Ra6 Kg7 53. Kf4 Rf7
54. hxg6 Bxg6+ 55. Ke3 Re7 56. Kd4 Rd7+ 57. Kc3 Rc7+ 58. Kb4 Re7 59. Nc5 Bxd3
60. Nxd3 h5 61. Kc3 h4 62. Ra4 a5 63. Rxh4 a4 64. Rxa4 Kf6 65. Kd4 Kf5 66. Ra5+
Kg4 67. Ne5+ Kg3 68. Ra3+ Kf2 69. Ke4 Rb7 70. Nd3+ Kg2 71. Nf4+ Kf2 72. Rf3+ Ke1
73. Nd5 Rb8 74. Ra3 Kf2 75. Ra2+ Kg3 76. Ra3+ Kf2 77. Nf6 Rb4+ 78. Ke5 Rb8 79.
Ne4+ Ke2 80. Nd6 Rh8 81. Kd4 Rd8 82. Ra2+ Kf3 83. Ke5 Rb8 84. Ra3+ Ke2 85. Nc4
Re8+ 86. Kd4 Rd8+ 87. Ke4 Re8+ 88. Ne5 1/2-1/2

[Event "St Louis Fall B 2017"]
[Site "Saint Louis USA"]
[Date "2017.09.12"]
[Round "7.4"]
[White "Pavlidis, Antonios"]
[Black "Pichot, Alan"]
[Result "1/2-1/2"]
[WhiteTitle "GM"]
[BlackTitle "GM"]
[WhiteElo "2536"]
[BlackElo "2565"]
[WhiteFideId "4212312"]
[BlackFideId "110973"]
[EventDate "2017.09.06"]

1. e4 e6 2. d4 d5 3. Nc3 Bb4 4. e5 c5 5. a3 Bxc3+ 6. bxc3 Qc7 7. a4 Ne7 8. Nf3
b6 9. Bb5+ Bd7 10. Bd3 Nbc6 11. O-O h6 12. Re1 O-O 13. Bf4 f5 14. exf6 Qxf4 15.
fxe7 Nxe7 16. Ne5 Be8 17. f3 Rc8 18. g3 Qg5 19. a5 b5 20. Kh1 cxd4 21. f4 Qf6
22. Ng4 Qf7 23. Ne5 Qf6 24. Ng4 Qf7 25. Ne5 Qf6 26. Ng4 Qf7 1/2-1/2

[Event "St Louis Fall B 2017"]
[Site "Saint Louis USA"]
[Date "2017.09.12"]
[Round "7.5"]
[White "Ni, Shiqun"]
[Black "Prasanna, Raghuram Rao"]
[Result "1/2-1/2"]
[WhiteTitle "WGM"]
[BlackTitle "IM"]
[WhiteElo "2426"]
[BlackElo "2464"]
[WhiteFideId "8608466"]
[BlackFideId "5022401"]
[EventDate "2017.09.06"]

1. e4 c5 2. Nf3 Nc6 3. d4 cxd4 4. Nxd4 e5 5. Nb5 d6 6. c4 Be7 7. N1c3 a6 8. Na3
f5 9. exf5 Bxf5 10. Bd3 Be6 11. O-O Nf6 12. Nc2 O-O 13. b3 Rc8 14. Bg5 Ng4 15.
Bxe7 Qxe7 16. Qd2 Qh4 17. h3 Nf6 18. Rfe1 Rcd8 19. Rad1 Nh5 20. Be4 Nf4 21. Nd5
Bxd5 22. Bxd5+ Kh8 23. Qe3 Rf6 24. Be4 Rdf8 25. Rd2 Ne7 26. Qg3 Qh5 27. Qg4 Qf7
28. Ne3 Nc6 29. Nd5 Nxd5 30. Bxd5 Qc7 31. Bxc6 bxc6 32. Qe4 a5 33. c5 dxc5 34.
Qxe5 Qb6 35. Qe3 a4 36. bxa4 Qb4 37. Rc1 c4 38. Qc3 Qxa4 39. Qxc4 Qa5 40. Qc3
Qg5 41. Rcd1 h6 42. Qe3 Qf5 43. Rd8 Qxf2+ 44. Qxf2 Rxf2 45. Rxf8+ Rxf8 46. a4
Ra8 47. Ra1 Kg8 48. Kf2 Kf7 49. Ke3 Ke6 50. Kd4 Kd6 51. a5 Kc7 52. a6 Kb6 53.
Rb1+ Kxa6 54. Kc5 Rf8 55. Rb6+ Ka5 56. Rxc6 Rf5+ 57. Kd4 Rf7 58. Kd5 Rf5+ 59.
Ke4 Rg5 60. Kf3 Kb5 61. Rc2 Rc5 62. Rd2 Kc6 63. Rd4 Rd5 64. Rg4 Rd7 65. Ke4 Rf7
66. Ke5 Kd7 67. Ra4 Ke7 68. Ra7+ Kf8 69. Ra8+ Ke7 70. Rg8 Kd7 71. g4 Ke7 72. h4
Kd7 73. Ra8 Ke7 74. g5 hxg5 75. hxg5 Rf1 76. Ra7+ Kf8 77. Ke6 Kg8 78. Ke5 Kh7
79. Ra6 Rf2 80. Rb6 Rf1 81. Ra6 Rf2 82. Rb6 Rf1 83. Ra6 1/2-1/2

[Event "St Louis Fall B 2017"]
[Site "Saint Louis USA"]
[Date "2017.09.13"]
[Round "8.1"]
[White "Friedel, Joshua E"]
[Black "Prasanna, Raghuram Rao"]
[Result "1-0"]
[WhiteTitle "GM"]
[BlackTitle "IM"]
[WhiteElo "2547"]
[BlackElo "2464"]
[WhiteFideId "2017199"]
[BlackFideId "5022401"]
[EventDate "2017.09.06"]

1. d4 d5 2. c4 c6 3. Nf3 Nf6 4. Nc3 dxc4 5. a4 Bf5 6. e3 Nbd7 7. Bxc4 e6 8. O-O
Bb4 9. Qe2 O-O 10. e4 Bg6 11. Bd3 Be7 12. a5 Bh5 13. e5 Nd5 14. Nxd5 cxd5 15.
Qe3 Bg6 16. Bd2 Nb8 17. Bxg6 hxg6 18. Qb3 Qd7 19. Bg5 Nc6 20. Bxe7 Qxe7 21. a6
bxa6 22. Rxa6 Rfb8 23. Qa4 Nd8 24. b3 Rb4 25. Qa3 Qb7 26. Rb1 Rb5 27. Qa4 Nc6
28. Rc1 Ne7 29. Rc3 Nf5 30. g4 Ne7 31. Kg2 g5 32. Kg3 Rb4 33. Rxa7 Qxa7 34. Qxb4
Ng6 35. Nxg5 Rb8 36. Qd6 Rf8 37. Qc5 Qa1 38. Rc1 Qa6 39. Nf3 Qd3 40. Qc2 Qb5 41.
h4 Rb8 42. h5 Nf8 43. Rb1 Qb4 44. Qc1 Qb7 45. h6 g6 46. b4 Rc8 47. Qf4 Nh7 48.
b5 Rc3 49. Qd2 Rc4 50. b6 f5 51. Qa5 Rc8 52. Qa7 Rb8 53. Rc1 1-0

[Event "St Louis Fall B 2017"]
[Site "Saint Louis USA"]
[Date "2017.09.13"]
[Round "8.2"]
[White "Pichot, Alan"]
[Black "Ni, Shiqun"]
[Result "1/2-1/2"]
[WhiteTitle "GM"]
[BlackTitle "WGM"]
[WhiteElo "2565"]
[BlackElo "2426"]
[WhiteFideId "110973"]
[BlackFideId "8608466"]
[EventDate "2017.09.06"]

1. e4 e5 2. Nf3 Nf6 3. Nxe5 d6 4. Nf3 Nxe4 5. Bd3 Nf6 6. O-O Be7 7. c3 O-O 8.
Bc2 b6 9. d4 Bb7 10. Re1 Nbd7 11. Bg5 Re8 12. Nbd2 Nd5 13. Bxe7 Rxe7 14. c4 Nb4
15. Rxe7 Qxe7 16. Bf5 Nf6 17. Qa4 d5 18. a3 Nc6 19. Rc1 dxc4 20. Qxc4 Rd8 21. b4
a6 22. Re1 Qd6 23. Ne4 Nxe4 24. Bxe4 b5 25. Qc3 g6 26. h4 h5 27. Ne5 Re8 28. f4
Nd8 29. Bxb7 Nxb7 30. f5 Nd8 31. fxg6 fxg6 32. Re3 Re6 33. Qd3 Kg7 34. Nf3 Rxe3
35. Qxe3 Ne6 36. Qe4 c6 37. Kf2 Qd5 38. Qxd5 cxd5 39. Ke3 Kf6 40. Ne5 Ng7 41. g4
Ne6 42. Nd7+ Ke7 43. Nc5 hxg4 44. Nxe6 Kxe6 45. Kf4 g3 46. Kxg3 Kf5 47. Kf3 g5
48. hxg5 1/2-1/2

[Event "St Louis Fall B 2017"]
[Site "Saint Louis USA"]
[Date "2017.09.13"]
[Round "8.3"]
[White "Shabalov, Alexander"]
[Black "Pavlidis, Antonios"]
[Result "0-1"]
[WhiteTitle "GM"]
[BlackTitle "GM"]
[WhiteElo "2563"]
[BlackElo "2536"]
[WhiteFideId "2008572"]
[BlackFideId "4212312"]
[EventDate "2017.09.06"]

1. e4 c5 2. Na3 Nc6 3. Bb5 g6 4. c3 Nf6 5. d3 Bg7 6. f4 O-O 7. Nf3 a6 8. Bxc6
bxc6 9. O-O d6 10. Qe1 a5 11. Bd2 a4 12. Rd1 Rb8 13. Bc1 Be6 14. Qh4 Bxa2 15. f5
e6 16. c4 Nd7 17. Bg5 f6 18. Bc1 exf5 19. exf5 Ne5 20. Qg3 g5 21. Rf2 Nxf3+ 22.
Qxf3 Qd7 23. h4 h6 24. d4 Bb3 25. Rd3 cxd4 26. Rxd4 Rbe8 27. Bd2 Re5 28. Bc3
Rfe8 29. hxg5 hxg5 30. Rd3 Re4 31. Qh5 Re3 32. Rf3 Rxf3 33. Qxf3 d5 34. Qf2 Re4
35. cxd5 Bxd5 36. Nc2 Rf4 37. Qd2 Qxf5 38. Ne3 Qe4 39. Nxd5 cxd5 40. Rxd5 Qb1+
41. Qd1 Qxd1+ 42. Rxd1 Bf8 43. g3 Bc5+ 44. Kg2 Rf2+ 45. Kh3 Be7 46. Bd4 Rc2 47.
Rd3 f5 48. g4 f4 49. Rd1 Kf7 50. Ra1 Bd6 51. Bg1 Rxb2 52. Rxa4 f3 53. Ra1 Rg2 0-1

[Event "St Louis Fall B 2017"]
[Site "Saint Louis USA"]
[Date "2017.09.13"]
[Round "8.4"]
[White "Abrahamyan, Tatev"]
[Black "Chandra, Akshat"]
[Result "1-0"]
[WhiteTitle "WGM"]
[BlackTitle "GM"]
[WhiteElo "2333"]
[BlackElo "2481"]
[WhiteFideId "13301918"]
[BlackFideId "25006711"]
[EventDate "2017.09.06"]

1. e4 e5 2. Nf3 Nc6 3. Bc4 Nf6 4. d3 Bc5 5. O-O d6 6. c3 O-O 7. Nbd2 a5 8. Re1
a4 9. a3 h6 10. Bb5 Bd7 11. Nf1 Ne7 12. Bxd7 Nxd7 13. d4 exd4 14. cxd4 Bb6 15.
Ng3 f5 16. Qc2 fxe4 17. Qxe4 Rf7 18. Nh5 Ra5 19. Qg4 Nf6 20. Nxf6+ Rxf6 21. Bd2
Rd5 22. h3 Nf5 23. Re4 Kh7 24. Rae1 Rg6 25. Qf4 Qf6 26. Bc3 c6 27. g4 Bd8 28.
Re6 Qf7 29. Re8 Bg5 30. Nxg5+ Rxg5 31. Kf1 Rg6 32. Rd8 Rf6 33. Ree8 g5 34. Qe4
Rg6 35. gxf5 Rxf5 36. Rh8+ 1-0

[Event "St Louis Fall B 2017"]
[Site "Saint Louis USA"]
[Date "2017.09.13"]
[Round "8.5"]
[White "Ramirez, Alejandro"]
[Black "Arribas Lopez, Angel"]
[Result "1-0"]
[WhiteTitle "GM"]
[BlackTitle "GM"]
[WhiteElo "2563"]
[BlackElo "2505"]
[WhiteFideId "6500617"]
[BlackFideId "2283352"]
[EventDate "2017.09.06"]

1. b3 e5 2. Bb2 Nc6 3. Nf3 e4 4. Nd4 Nxd4 5. Bxd4 Nf6 6. e3 Be7 7. c4 c5 8. Bb2
O-O 9. Nc3 d6 10. Qc2 Bf5 11. d3 Qa5 12. O-O-O exd3 13. Bxd3 Bg6 14. e4 a6 15.
f4 h6 16. f5 Bh7 17. g4 Nxg4 18. Nd5 Bg5+ 19. Kb1 Ne3 20. Nxe3 Bxe3 21. f6 g6
22. Rhe1 Bd4 23. Qc1 Bxb2 24. Kxb2 g5 25. h4 Rfe8 26. hxg5 Re5 27. Qf4 Bg6 28.
Rh1 Rxg5 29. Rdg1 Rxg1 30. Rxg1 Qd8 31. e5 Kh7 32. e6 1-0

[Event "St Louis Fall B 2017"]
[Site "Saint Louis USA"]
[Date "2017.09.14"]
[Round "9.1"]
[White "Arribas Lopez, Angel"]
[Black "Friedel, Joshua E"]
[Result "0-1"]
[WhiteTitle "GM"]
[BlackTitle "GM"]
[WhiteElo "2505"]
[BlackElo "2547"]
[WhiteFideId "2283352"]
[BlackFideId "2017199"]
[EventDate "2017.09.06"]

1. e4 e5 2. Nf3 Nc6 3. d4 exd4 4. Nxd4 Nf6 5. Nxc6 bxc6 6. Bd3 d5 7. Qe2 dxe4 8.
Nc3 Bb4 9. Bxe4 O-O 10. Bxc6 Rb8 11. Be3 Ng4 12. Bxa7 Qf6 13. O-O-O Bxc3 14.
bxc3 Qxc6 15. Bxb8 Qxc3 16. Qe7 Bf5 17. Qxc7 Qa3+ 18. Kb1 Nxf2 19. Rd8 Nxh1 20.
Qb6 Rxd8 21. Qxd8+ Qf8 22. Qxf8+ Kxf8 23. Ba7 Be4 0-1

[Event "St Louis Fall B 2017"]
[Site "Saint Louis USA"]
[Date "2017.09.14"]
[Round "9.2"]
[White "Chandra, Akshat"]
[Black "Ramirez, Alejandro"]
[Result "1/2-1/2"]
[WhiteTitle "GM"]
[BlackTitle "GM"]
[WhiteElo "2481"]
[BlackElo "2563"]
[WhiteFideId "25006711"]
[BlackFideId "6500617"]
[EventDate "2017.09.06"]

1. e4 c5 2. Nf3 Nc6 3. Bb5 e6 4. O-O Nge7 5. c3 a6 6. Ba4 b5 7. Bc2 Bb7 8. a4 d5
9. axb5 axb5 10. Rxa8 Qxa8 11. Re1 Na7 12. d4 dxe4 13. Ng5 cxd4 14. Nxe4 Nec6
15. Qh5 Be7 16. Ng5 g6 17. Qh6 Bf8 18. Qh3 Be7 19. Qh6 Bf8 20. Qh3 Be7 21. Bb3
Nc8 22. Qh6 Bf8 23. Qh4 Be7 24. Qh6 Bf8 25. Qh4 Be7 26. Qf4 Nd6 27. cxd4 h6 28.
Ne4 Nxe4 29. Qxe4 Na5 30. Qe5 Rh7 31. Bxe6 fxe6 32. Qxe6 Rf7 33. Bd2 Nc6 34.
Qxg6 Qd8 35. Bxh6 Qd5 36. Nc3 Qf5 37. Qxf5 Rxf5 38. d5 Re5 39. Rxe5 Nxe5 40.
Nxb5 Kd7 41. Bg7 Nd3 42. Nd4 Nxb2 43. Nc6 Nd3 44. Nxe7 Kxe7 45. Kf1 Bxd5 46. Bh6
Kf6 47. Ke2 Bxg2 48. Kxd3 Kf5 49. Ke3 Bc6 1/2-1/2

[Event "St Louis Fall B 2017"]
[Site "Saint Louis USA"]
[Date "2017.09.14"]
[Round "9.3"]
[White "Pavlidis, Antonios"]
[Black "Abrahamyan, Tatev"]
[Result "1-0"]
[WhiteTitle "GM"]
[BlackTitle "WGM"]
[WhiteElo "2536"]
[BlackElo "2333"]
[WhiteFideId "4212312"]
[BlackFideId "13301918"]
[EventDate "2017.09.06"]

1. e4 e6 2. d4 d5 3. Nc3 Bb4 4. e5 Ne7 5. a3 Bxc3+ 6. bxc3 c5 7. Qg4 cxd4 8. Bd3
Qc7 9. Ne2 dxc3 10. Qxg7 Rg8 11. Qxh7 Qxe5 12. h4 Rxg2 13. Bg5 Nbc6 14. Qh5 b6
15. Kf1 Rh2 16. Rg1 Rh3 17. Ng3 Qg7 18. Re1 Bd7 19. Bxe7 Nxe7 20. Ne4 Qd4 21.
Ng5 Qxh4 22. Qxf7+ Kd8 23. Qf8+ Be8 24. Rxe6 1-0